000 00400nam a2200169Ia 4500
008 230524s9999 xx 000 0 und d
020 _a8123909780
082 _bPAZ
100 _aMario Paz
245 0 _aStructural Dynamics (Theory & computation)
250 _a2
260 _aNew Delhi
_bCBS
_c2004
300 _a"xx,561p;"
500 _aQuantity Number: 3
650 _aCivil
942 _cBK
999 _c55348
_d55348